| 000 | 004400000a22001810004500 | ||
|---|---|---|---|
| 999 |
_c48468 _d48468 |
||
| 001 | 1298 | ||
| 003 | CO-MdFUSB | ||
| 005 | 20170815143338.0 | ||
| 008 | 170815b xxu||||| |||| 00| 0 eng d | ||
| 020 | _a13-978-1-4127-6821-4 | ||
| 040 | _cCO-MdBIC | ||
| 082 | 0 | 4 | _a863C D632rr |
| 100 | 1 | _aDisney, Walt | |
| 245 | 1 | 0 | _aEl rey león / Walt Disney |
| 260 | _aEstados Unidos : Publications International | ||
| 300 | _a24 P. | ||
| 942 | _cLGB | ||